Canto y música de Andalucía: apuntes para una conferencia sobre historia del folklore andaluz

Salvato in:
Dettagli Bibliografici
Autore principale: Chicano Muñoz, Fernando (Autore)
Natura: Libro
Lingua:spagnolo
Pubblicazione: Córdoba López Ortiz 1958
Soggetti:
Tags: Aggiungi Tag
Nessun Tag, puoi essere il primo ad aggiungerne!!

MARC

LEADER 00000nam a2200000 a 4500
001 UCN2998
003 CL-VaPUC
008 010615e19580000SP |||||||||||||||||spa|d
082 0 4 |a 781.6261  |b CHI  |2 21 
100 0 |a Chicano Muñoz, Fernando  |e author  |9 459371 
245 1 0 |a Canto y música de Andalucía: apuntes para una conferencia sobre historia del folklore andaluz 
300 |a 49 p 
942 |c BK 
945 |d 20010615 00:00:00  |a crobeson 
260 |a Córdoba  |b López Ortiz  |c 1958 
650 0 |a Música folklórica  |9 306412 
650 7 |a FOLKLORE ANDALUZ  |2 CL-VaPUC  |9 459372 
650 0 |a Música Andaluza   |9 459373 
583 |a last modification  |c 20010615 00:00:00  |k Rodrigo Vera 
999 |c 296013  |d 296011 
952 |0 0  |1 0  |4 0  |6 781_626100000000000_CHI_1958  |7 0  |8 A  |9 349490  |a BIBEDU  |b BIBEDU  |d 2019-11-20  |i 1187171  |o 781.6261 CHI 1958  |p 1187171  |r 2023-01-12  |w 2019-11-20  |y BK  |k MUS